[Event "FIDE Candidates 2026"]
[Site "Pegeia CYP"]
[Date "2026.04.01"]
[Round "4.2"]
[White "Bluebaum, Matthias"]
[Black "Praggnanandhaa, R"]
[Result "1/2-1/2"]
[WhiteTitle "GM"]
[BlackTitle "GM"]
[WhiteElo "2698"]
[BlackElo "2741"]
[WhiteFideId "24651516"]
[BlackFideId "25059530"]
[EventDate "2026.03.29"]

1. d4 Nf6 2. c4 e6 3. Nf3 d5 4. Nc3 c6 5. e3 a6 6. Qc2 c5 7. cxd5 exd5 8. dxc5
Bxc5 9. Be2 Nc6 10. O-O Be6 11. a3 Rc8 12. b4 Bd6 13. Bb2 O-O 14. Rac1 Ne5 15.
Nxe5 Bxe5 16. Qb1 Qd6 17. f4 Bxc3 18. Bxc3 Ne4 19. Be5 Qd7 20. Rxc8 Rxc8 21. Rc1
f6 22. Bb2 Nd6 23. Rxc8+ Qxc8 24. Qc1 Nc4 25. Bxc4 Qxc4 26. Qxc4 dxc4 27. e4 f5
28. exf5 Bxf5 29. Kf2 Kf7 30. Ke3 g6 31. Kd4 Bd3 32. Ke5 Bf1 33. g3 Bh3 34. Kd5
Bf1 35. Ke5 Bh3 36. Kd5 Bf1 37. Ke5 1/2-1/2